Score 0/7 Timer 03:00
0 Plays Today
Question Answer Wrong Answers
This inventor publically demonstrates his phonograph for the first time.
1877
Thomas Edison
94%
Nikola Tesla
2.3%
Michael Faraday
1.9%
Louis Pasteur
1%
‘Rolling in the Deep’, a popular song by this singer-songwriter, is released, eventually winning numerous awards.
2010
Adele
85.5%
Katy Perry
4.6%
Lady Gaga
6.4%
Lana Del Rey
1.9%
The ‘Barber of Seville’, the first ______ language opera to be performed in the US, premieres in New York City.
1825
Italian
80.7%
German
5.4%
Dutch
1.7%
French
12%
Physicist Erwin Schrödinger publishes his famous thought experiment, 'Schrödinger's ______', a paradox that illustrates the problem of the Copenhagen interpretation of quantum mechanics.
1935
Cat
76.1%
Dog
11%
Pig
5.5%
Horse
6.1%
The United Nations General Assembly votes to upgrade ______ to non-member observer state status in the UN.
2012
Palestine
71.8%
Western Sahara
5.5%
Taiwan
14.7%
Somaliland
6%
Known as the November Uprising, an armed rebellion against this nation’s rule in Poland begins.
1830
Russia
54.8%
United Kingdom
1.3%
Prussia
41.5%
Papal States
2%
This American actor, known for his portrayal of the superhero Black Panther in the Marvel Cinematic Universe, is born.
1977
Chadwick Boseman
49.6%
Michael B. Jordan
21.4%
Daniel Kaluuya
17.2%
Chris Evans
10.2%
Remove Ads.
Support Sporcle.
Get the best of Sporcle when you Go Orange. This ad-free experience offers more features, more stats, and more fun while also helping to support Sporcle. Thank you for becoming a member.

You're not logged in!

Compare scores with friends on all Sporcle quizzes.
OR
Log In

Show Comments

Extras

Top Quizzes Today


Score Distribution

Your Account Isn't Verified!

In order to create a playlist on Sporcle, you need to verify the email address you used during registration. Go to your Sporcle Settings to finish the process.

Report this User

Report this user for behavior that violates our Community Guidelines.

Details: